00480nam a2200157Ia 4500008004100000020001500041041000800056082002000064100001800084245005200102260003900154300000800193365001300201650005200214650005600266140306s9999 xx 000 0 und d a818988686X aeng a332.024bDHI/FI aDhiraviyam, P aFinancial Scenario of India under Globalisation aDelhibAbhijeet Publicationsc2008 a134 bRs.380/- aEffect of Globalisation on Developing Countries aInternal Financial Mobilisation Procedures in India